| 000 | 00700nam a2200193 i 4500 | ||
|---|---|---|---|
| 001 | 150249 | ||
| 003 | ES-MaACL | ||
| 005 | 20231209062947.0 | ||
| 007 | t| | ||
| 008 | 071029s1960 sp ||||1| spa d | ||
| 100 | 1 |
_aVallejo-Nágera, Juan Antonio, _d1926-1990 _9112855 |
|
| 245 | 1 | 0 |
_aPsiquiatría clínica / _cpor Juan Antonio Vallejo-Nájera Botas ; prólogo J. J. López Ibor ; con un capítulo sobre las epilepsias de J.C. Oliveros Pérez. |
| 260 |
_aMadrid : _bJauve, _c1960. |
||
| 300 |
_a302 p. ; _c22 cm. |
||
| 700 | 1 |
_aLópez Ibor, Juan José, _d1906-1991 _973703 |
|
| 700 | 1 |
_aOliveros Pérez, J. C. _986873 |
|
| 852 |
_aES-MaACL _jF-6299 _bR.49366 |
||
| 999 |
_c150249 _d150249 |
||